Normal view
MARC view
- Ernest Hemingway
Entry Personal Name
001 - CONTROL NUMBER
- control field: 113467
003 - CONTROL NUMBER IDENTIFIER
- control field: NUST
005 - DATE AND TIME OF LATEST TRANSACTION
- control field: 20230709181459.0
008 - FIXED-LENGTH DATA ELEMENTS
- fixed length control field: 230709|| aca||aabn | a|a d
040 ## - CATALOGING SOURCE
- Original cataloging agency: NUST
- Transcribing agency: NUST
100 ## - HEADING--PERSONAL NAME
- Personal name: Ernest Hemingway
670 ## - SOURCE DATA FOUND
- Source citation: Work cat.: (NUST)346871: Ernest Hemingway, The Old Man and the Sea, 2000
